00460cam a22001691 4500001000400000003000800004005001700012008004100029035001700070040004600087041000800133082002400141100002100165245005300186260003100239300002000270757BD-RjUL20240123122509.0240124s1965 xx a 000 0 eng d a(BD-RjUL)777 aDLCcDNLMdOClWdOCoLCdDLCdBD-RjULbeng aeng a823.8bKIP 1965219 aKipling, Rudyard10aPlain Tales From The Hills /cby Rudyard Kipling aLondon:bMacmillam ,c1965 a336 p. ;c23 cm